| 000 | 00551cam a22001457a 4500 | ||
|---|---|---|---|
| 008 | 180718b1971 xxu||||| |||| 00| 0 eng d | ||
| 082 | _aF51x595 V443 | ||
| 100 | _aVasil, R.K. | ||
| 245 |
_aPolitics in a plural society: a study of non-communal political parties in West Malaysia _cby R.K. Vasil |
||
| 260 |
_aKuala Lumpur _bOxford University Press _c1971 |
||
| 300 | _a338p. | ||
| 500 | _aPublished for the Australian Institute of International Affairs | ||
| 650 | _aMalaya --Politics and government | ||
| 650 | _aPolitical parties --Malaysia --Malaya | ||
| 999 |
_c356095 _d356095 |
||